00234nam a2200073 a 450000500170000000800410001705000190005824500830007720140414093832.0970109s19uu xx 00 eng d aVHS 000bOR 04 aGuidance Associates/The Center for Humanities :bHeritage from Ancient Greece.